Top 30 : Queen - Statistiques

Statistiques générales
  • Ce quiz a été pris 129 fois
  • Le résultat moyen est 15 sur 30
Statistiques - réponses
Top Titres Featuring % Correct
1 Bohemian Rhapsody
99%
9 We Are The Champions
92%
27 We Are The Champions - Live Aid
92%
4 Under Pressure David Bowie
88%
5 We Will Rock You
83%
2 Don't Stop Me Now
74%
21 Don't Stop Me Now - …revisited
74%
8 Killer Queen
74%
11 Radio Ga Ga
73%
20 Radio Ga Ga - Live Aid
73%
3 Another One Bites The Dust
71%
10 I Want To Break Free
64%
13 The Show Must Go On
64%
7 Somebody To Love
56%
12 Love Of My Life
53%
25 Hammer To Fall
42%
17 A Kind Of Magic
41%
22 Bicycle Race
41%
19 I Want It All
41%
6 Crazy Little Thing Called Love
39%
24 Who Wants To Live Forever
38%
16 Fat Bottomed Girls
34%
14 You're My Best Friend
33%
30 Seven Seas Of Rhye
21%
15 Good Old-Fashioned Lover Boy
17%
23 Cool Cat
15%
29 Friends Will Be Friends
14%
28 Save Me
13%
18 Thank God It's Christmas
5%
26 Too Much Love Will Kill You
4%
Aucun quiz correspondant
Distribution des résultats
% des personnes avec chaque résultat
Percentile par nombre de réponses
Votre historique - résultats
Vous n’avez pas pris ce quiz